Представление документа в формате RUSMARC

ПолеНазваниеЗначение
  Тип записи a
  Библиографический уровень a
001 Контрольный номер RU/УОНБ/EK_KRAY/320867054
005 Дата корректировки 20250324122529.1
100 Данные общей обработки __
a Данные общей обработки 20000109d2000 u u0rusy0103 ba
101 Язык документа 0_
a Язык текста rus
200 Заглавие и сведения об ответственности 1_
a Заглавие Лестница в небеса для "Сансары" уже приставлена
210 Выходные данные 1_
d Дата издания 2000
330 Аннотация __
a Аннотация Гастроли уральской группы "Сансара" в г. Ульяновске.
461 Уровень набора _0
1 2001
a Симбирский курьер
463 Уровень физической единицы _0
1 2000
a 21 дек.
1 210
d 2000
610 Ключевые слова 0_
a Ключевые слова концерт
686 Индексы других классификаций __
a Классификационный индекс 85
2 Код системы rubbk
700 Автор _1
a Фамилия Чернышева
b Имя (инициалы) В.
801 Источник записи _0
a Страна RU
b Организация Ульяновская ОНБ
c Дата составления 20000109
g Правила каталогизации PSBO
801 Источник записи _1
a Страна RU
b Организация Ульяновская ОНБ
c Дата составления 20000109
901 Тип документа __
t Тип документа f
909 Создатель записи __
a Создатель записи
938 Служебная информация __
a Имя БД kraeved_work
b Имя библиотеки УОНБ
c Имя АИБС МАРК-SQL
d Номер DOC_ID в БД 11058